Poruchy učení specifické vývojové poruchy čtení, psaní a dalších školních dovedností

Bibliographic Details
Main Author: Zelinková, Olga (Author)
Format: Book
Language:Czech
PhysicalDescription:263 s. 21 cm
Published: Praha Portál 2003
ISBN:8071788007
Edition:10. přeprac. a rozš. vyd.
Subjects:

MARC

LEADER 00000cam a2200000 a 4500
001 vtls001558973
003 SK-MaSNL
005 20260301015649.0
008 240313s2003 xr f 00000 cze
020 |a 8071788007  |q (brož.) 
035 |a VTK40306 
040 |a SNK  |b slo  |c SNK  |e AACR2 
041 0 |a cze 
044 |a xr  |c CZ 
072 7 |a 616.89  |x Psychiatria  |2 konspekt 
080 |a 616.89-008.43  |2 2001 
080 |a (035)  |2 2001 
100 1 |a Zelinková, Olga  |4 aut  |9 61560 
245 1 0 |a Poruchy učení  |b specifické vývojové poruchy čtení, psaní a dalších školních dovedností  |c Olga Zelinková 
250 |a 10. přeprac. a rozš. vyd. 
260 |a Praha  |b Portál  |c 2003 
300 |a 263 s.  |c 21 cm 
650 0 7 |a špecifické poruchy učenia  |2 SNKPH  |9 3738 
650 0 7 |a Learning disabilities  |2 SNKPHeng  |9 289667 
655 7 |a príručky  |2 SNKPH  |9 74364 
655 7 |a Handbooks, manuals, etc.  |2 SNKPHeng  |9 90964 
918 |a 80-7178-800-7 
999 |c 561213  |d 563143 
952 |a SNK  |b SNKPULT  |y VYP  |7 0  |p 17A0510898  |o snkIC 133560  |i snk2007/4606  |8 3  |g 12.81  |0 0  |1 0  |4 0  |d 2007-02-20  |l 1  |q 2026-06-04  |r 2026-05-05 15:19:53  |s 2026-05-05  |w 2026-02-23